01106 2200265 4500001002100000005001500021035002000036007000300056008004100059020001800100082001100118084001700129100002500146245008600171300004500257650001300302700002700315700002800342520035300370336002100723337003000744338002300774264002600797990001700823INLIS00000000150484020260630095749 a0010-0626000035ta260630 g 0 ind  a8698857822009 a320.54 a320.54 FIR s0 aFirda AyuePengarang1 aSatu pandangan satu ideologi dalam negara /cFirda Ayu, Sindy Zella, Yunita Ninsi avii, 244 halaman. :bilustrasi ;c20 cm. 4aideologi0 aSindy ZellaePengarang0 aYunita NinsiePengarang a"Memperjuangkan ideologi harus realistis, bukan harga mati". "Ideologi ditanamkan di dalam diri saya oleh keluarga saya, yaitu cinta akan keadilan, kebaikan dan alam, serta nasionalisme. Walaupun ideologi ini ditanamkan di diri saya pada usia muda, tapi ini masih terus hidup sampai kini. Jika saya melakukan kesalahan, maka saya akan mengakuinya." 2rdacontentateks 2rdamediaatanpa perantara 2rdacarrieravolume aMalang :bSTTP,c2017 a2023/HD/0314